[Event "Mittelrhein Verbandsliga-W 1112"]
[Site "Germany"]
[Date "2012.05.06"]
[Round "10.4"]
[White "Poettgens, Andreas"]
[Black "Effertz, Josef"]
[Result "0-1"]
[WhiteElo "1696"]
[BlackElo "1947"]
[PlyCount "22"]
[EventDate "2011.09.18"]
[EventType "team-tourn"]
[EventRounds "11"]
[EventCountry "GER"]
[SourceTitle "EXT 2013"]
[Source "ChessBase"]
[SourceDate "2012.11.22"]
[SourceVersion "1"]
[SourceVersionDate "2012.11.22"]
[SourceQuality "1"]
[WhiteTeam "Uebach Palenberg"]
[BlackTeam "Brauweiler Rochade"]
[WhiteTeamCountry "GER"]
[BlackTeamCountry "GER"]

1. d4 Nf6 2. c4 e6 3. Nc3 Bb4 4. a3 Bxc3+ 5. bxc3 d5 6. Nf3 c5 7. e3 0-0 8. Bd3 dxc4 9. Bxc4 Qc7 10. Qe2 cxd4 11. cxd4 b5 0-1